| 000 | 01485cam a22004094i 4500 | ||
|---|---|---|---|
| 003 | PE-LiUPU | ||
| 005 | 20250731172927.0 | ||
| 008 | s1937 r 000 0 spa d | ||
| 035 | _a(Sirsi) a204014 | ||
| 040 |
_aPE-LiUPU _bspa _cPE-LiUPU _erda |
||
| 049 | _aPRUA | ||
| 082 | 0 | 4 |
_a234.8 _bW54 |
| 100 | 1 |
_aWhite, E. G., _eautor. |
|
| 245 | 1 | 4 |
_aThe sanctified life / _cElena G. de White. |
| 264 |
_aPensilvania : _bHerald, _c1937. |
||
| 300 |
_a66 páginas ; _c19 centímetros. |
||
| 336 |
_text _2rdacontent |
||
| 337 |
_unmediated _2rdamedia |
||
| 338 |
_volume _2rdacarrier |
||
| 505 | 0 | _aThe and false theories contrasted -- Daniel's temperance principles -- Controlling the appetites and passions -- The fiery Furnace -- Daniel in the lion's den -- Daniel's payers -- The character of John -- The ministry ef John -- John in exile -- Christian Character -- The Christian's privilege. | |
| 526 | _aSEG42 | ||
| 526 | _aSEG41 | ||
| 526 | _aSEG40 | ||
| 526 | _aSEG39 | ||
| 526 | _aP94 | ||
| 526 | _aP87 | ||
| 526 | _aP86 | ||
| 526 | _aP85 | ||
| 526 | _aP77 | ||
| 526 | _aP76 | ||
| 526 | _aP35 | ||
| 650 | 1 | 7 |
_aSantidad _xCristianismo. _2embne |
| 596 | _a1 | ||
| 942 |
_2ddc _cBOOK |
||
| 999 |
_a234.8 W54 _wLC _c20392 _i75838 _f2021-11-10 _g4 _lCCODEBUL1 _mBUL _r0 _sY _tBOOK _u2017-5-22 _xTEOLOGIA _PP85 _0COMPRA _o.STAFF. Coleccíon Teología _d20392 |
||
| 980 |
_81 _gALBERTO SANCHEZ Responsable de Automatización |
||